| 000 | 00617nam a2200217 a 4500 | ||
|---|---|---|---|
| 005 | 20240910064211.0 | ||
| 008 | 991125s1986 ag 000 0 spa u | ||
| 020 | _a9505821697 | ||
| 035 | _aUPN01000003301 | ||
| 049 | _aCG | ||
| 050 | 4 |
_aHQ1122 _aG7.3 |
|
| 100 | 1 | _aGrassi, Estela | |
| 245 | 1 | 0 |
_aAntropología y mujer / _cEstela Grassi. |
| 260 |
_aBuenos Aires : _bHvmanitas, _c1986. |
||
| 300 | _a61 p. | ||
| 440 | 0 | _aDesarrollo social | |
| 650 | 2 |
_aAntropología _94499 |
|
| 650 | 2 |
_aMujeres _xHistoria y condición de la mujer _91583 |
|
| 650 | 4 |
_aMujeres _xProblemas sociales y morales _95340 |
|
| 905 | _aLibro | ||
| 999 |
_c3301 _d3301 |
||